|
|
|
|
| LEADER |
00000nam0a2200000 4500 |
| 001 |
319125 |
| 005 |
20231102003141.0 |
| 035 |
|
|
|a (RuTPU)RU\TPU\book\344630
|
| 090 |
|
|
|a 319125
|
| 100 |
|
|
|a 20160520d1946 m y0rusy50 ca
|
| 101 |
0 |
|
|a rus
|
| 102 |
|
|
|a RU
|
| 105 |
|
|
|a a j 000zy
|
| 200 |
1 |
|
|a Технология литейного производства. Специальный курс
|h Т. 1
|e учебник для втузов
|f П. Н. Аксенов [и др.]
|g под ред. Л. М. Мариенбаха
|
| 210 |
|
|
|a Москва
|c Машгиз
|d 1946
|
| 215 |
|
|
|a 487 с.
|c ил.
|
| 606 |
1 |
|
|a Литейное производство
|x Технологические процессы
|2 stltpush
|3 (RuTPU)RU\TPU\subj\40309
|9 60166
|
| 610 |
1 |
|
|a формовка
|
| 610 |
1 |
|
|a заливка
|
| 610 |
1 |
|
|a очистка
|
| 610 |
1 |
|
|a формовочные материалы
|
| 610 |
1 |
|
|a стержневые материалы
|
| 610 |
1 |
|
|a индивидуальное производство
|
| 610 |
1 |
|
|a серийное производство
|
| 610 |
1 |
|
|a формы
|
| 610 |
1 |
|
|a стержни
|
| 610 |
1 |
|
|a формовочные смеси
|
| 610 |
1 |
|
|a уплотнение
|
| 610 |
1 |
|
|a массовое производство
|
| 610 |
1 |
|
|a проектирование
|
| 610 |
1 |
|
|a литниковые системы
|
| 610 |
1 |
|
|a моделирование
|
| 610 |
1 |
|
|a учебники
|
| 675 |
|
|
|a 621.74.01(075.8)
|v 4
|
| 701 |
|
1 |
|a Аксенов
|b П. Н.
|
| 701 |
|
1 |
|a Балабин
|b В. В.
|
| 701 |
|
1 |
|a Мариенбах
|b Л. М.
|
| 701 |
|
1 |
|a Рабинович
|b Б. В.
|
| 701 |
|
1 |
|a Рубцов
|b Н. Н.
|
| 701 |
|
1 |
|a Фанталов
|b Л. И.
|
| 702 |
|
1 |
|a Мариенбах
|b Л. М.
|4 340
|
| 801 |
|
1 |
|a RU
|b 63413507
|c 20160520
|
| 801 |
|
2 |
|a RU
|b 63413507
|c 20171102
|g RCR
|
| 942 |
|
|
|c BK
|